Lead Singers of Girl Groups - Statistics

General Stats
  • This quiz has been taken 190 times
  • The average score is 6 of 15
Answer Stats
Singer Girl Group % Correct
Beyonce, Kelly Rowland Destiny's Child
96%
Victoria Beckham Spice Girls
96%
Nicole Scherzinger Pussycat Dolls
86%
Perrie Edwards Little Mix
57%
Cheryl Girls Aloud
50%
Tionne Watkins TLC
45%
Kerry Katona Atomic Kitten
41%
Susanna Hoffs The Bangles
40%
Melanie Blat All Saints
33%
Heidi Range Sugababes
32%
Sara Dallin Bananarama
19%
Julia Volkova t.A.T.u.
13%
Sandra Denton Salt-N-Pepa
6%
Jessica Origliasso The Veronicas
6%
Aino Jawo Icona Pop
3%
No matching quizzes found
Score Distribution
Percent of People with Each Score
Percentile by Number Answered
Your Score History
You have not taken this quiz